| 000 | 01019cad a22002055a 4500 | ||
|---|---|---|---|
| 001 | L154802 | ||
| 008 | 120119s2012 xxk f 000 0 eng d | ||
| 035 | _a(Sirsi) u154802 | ||
| 041 | 0 | _aeng | |
| 110 | 2 |
_aConfederation of British Industry _9414 |
|
| 245 | 0 | 0 |
_aGreen Deal and energy company obligation _bCBI consultation response January 2012 _h[electronic resource] |
| 260 |
_a[London] _bCBI _c2012 |
||
| 520 | _aCBI response to government's consultation on the Green Deal and Energy Company Obligation. To be successful the scheme needs to be as consumer friendly as possible; the allocation of £200m to incentivise early adoption is welcome and a simple voucher for early adopters could further kick start the scheme. | ||
| 590 | _aKA | ||
| 651 | 4 |
_aUnited Kingdom _y |
|
| 690 |
_aEnergy _96237 |
||
| 690 |
_aSustainability _96271 |
||
| 856 | 4 | 0 |
_uhttps://www.cbi.org.uk/media/1260898/cbi_response_to_green_deal_and_eco_consultation_-_jan_2012.pdf _zView the report free of charge at www.cbi.org.uk |
| 942 | _n0 | ||
| 999 |
_c113162 _d113162 |
||